Ruqyah asas ayat Al Kursi : keberkatan rezeki & doa-doa mustajab

Main Author: Din Haron (Author)
Published: Batu Caves, Selangor: Sri Sujana Marketing, 2018
Subjects:
LEADER 00817cam a2200229 7i4500
001 0000152899
005 20230330090000.0
008 230323s2018 my # ### #00001may##
020 # # |a 9789672133360  
040 # # |a UMT   |b eng   |c UMT   |e rda 
090 0 # |a BP 128.17   |b .D5 2018 
100 0 # |a Din Haron   |e author  
245 1 0 |a Ruqyah asas ayat Al Kursi :   |b keberkatan rezeki & doa-doa mustajab   |c Ustaz Din Haron. 
264 # 1 |a Batu Caves, Selangor:   |b Sri Sujana Marketing,   |c 2018 
300 # # |a x, 200 pages;   |c 20 cm 
336 # # |a text --   |2 rdacontent 
337 # # |a unmediated --   |2 rdamedia 
338 # # |a volume --   |2 rdacarrier 
500 # # |a Contains verses from the Qur'an 
590 # # |a Perpustakaan Sultanah Nur Zahirah  
650 # 0 |a Qur'an. Ayat al-Kursi --   |x Commentaries  
999 |a 1100113964  |b Book  |c Open Shelf  |e KOLEKSI TERBUKA